Hemograma (Registro nro. 309087)

Detalles MARC
000 -ENCABEZADO
Número de control [NR] 01104nam a2200301Ia 4500
005 - FECHA Y HORA DE LA ÚLTIMA TRANSACCIÓN
control field 20180129074129.0
008 - DE LONGITUD FIJA DE DATOS DE ELEMENTOS - INFORMACIÓN GENERAL
Elementos de longitud fija [NR] 180119s2017 ck ao gr spa d
020 ## - NUMERO INTERNACIONAL NORMALIZADO PARA LIBROS [R]
Número Internacional Normalizado del libro [NR] 9789500695374 (6a.Ed.)
040 ## - FUENTE DE CATALOGACION [NR]
Agencia de catalogación original [NR] Co-BoUCM
Idioma de catalogación [NR] spa
Quien Cataloga Saul Niño
Quien Clasifica Saul Niño
041 00 - CODIGO DE IDIOMA [R]
Código de idioma para texto/pista de sonido o título separado [R] Español
060 00 - SIGNATURA TOPOGRAFICA DE LA BIBLIOTECA NACIONAL DE MEDICINA (NLM) [R]
Número clasificador [R] WH 400
100 1# - ASIENTO PRINCIPAL--NOMBRE PERSONAL [NR]
Nombre personal [NR] Failace, Renato
ID Autoridad 90886
245 10 - MENCION DE TITULO [NR]
Título [NR] Hemograma
Parte restante del título [NR] manual de interpretación
Mención de responsabilidad, etc. [NR] Renato Failace ; colaboradores Flavo Beno Fernandes ; traducción de Jorge Frydman
250 ## - MENCION DE EDICION [NR]
Mención de edición [NR] Sexta edición
260 ## - PUBLICACION, DISTRIBUCION, ETC. (PIE DE IMPRENTA) [R]
Lugar de publicación, distribución, etc. [R] Bogotá (Colombia)
-- Buenos Aires (Argentina)
Nombre del editor, distribuidor, etc. [R] Médica Panamericana
Fecha de publicación, distribución, etc. [R] 2017
300 ## - DESCRIPCION FISICA [R]
Extensión [R] xix, 464 páginas
Otros detalles físicos [NR] ilustraciones, gráficas, fotografías
650 04 - ASIENTO SECUNDARIO DE MATERIA - TERMINO TEMATICO [R]
Término temático o nombre geográfico como elemento de entrada [NR] Análisis clínico
9 (RLIN) 91
650 04 - ASIENTO SECUNDARIO DE MATERIA - TERMINO TEMATICO [R]
Término temático o nombre geográfico como elemento de entrada [NR] Anemia
9 (RLIN) 9049
650 04 - ASIENTO SECUNDARIO DE MATERIA - TERMINO TEMATICO [R]
Término temático o nombre geográfico como elemento de entrada [NR] Eritograma
9 (RLIN) 190
650 04 - ASIENTO SECUNDARIO DE MATERIA - TERMINO TEMATICO [R]
Término temático o nombre geográfico como elemento de entrada [NR] Hematología
9 (RLIN) 222
650 #7 - ASIENTO SECUNDARIO DE MATERIA - TERMINO TEMATICO [R]
Término temático o nombre geográfico como elemento de entrada [NR] Transfusión de sangre
9 (RLIN) 25673
650 04 - ASIENTO SECUNDARIO DE MATERIA - TERMINO TEMATICO [R]
Término temático o nombre geográfico como elemento de entrada [NR] Plaquetas
9 (RLIN) 337
650 04 - ASIENTO SECUNDARIO DE MATERIA - TERMINO TEMATICO [R]
Término temático o nombre geográfico como elemento de entrada [NR] Recuento de células sanguíneas
9 (RLIN) 23173
700 1# - ASIENTO SECUNDARIO - NOMBRE PERSONAL [R]
Nombre personal [NR] Failace, Rafael
9 (RLIN) 90887
700 1# - ASIENTO SECUNDARIO - NOMBRE PERSONAL [R]
Nombre personal [NR] Beno Fernandes, Flavo
9 (RLIN) 90888
700 1# - ASIENTO SECUNDARIO - NOMBRE PERSONAL [R]
Nombre personal [NR] Frydman, Jorge
Término de relación [R] traductor
9 (RLIN) 90889
942 ## - ELEMENTOS DE ENTRADA AGREGADOS (KOHA)
Tipo de ítem principal el descrito en 300a Libro
Tema principal Medicina
Edición 6
Parte restante de la signatura top. F161he
Sistema de clasificación NLM
Clasificación WH 400
Existencias
Fecha de último préstamo Total préstamos Total Renewals Signatura topográfica Código de barras Última vez visto Volúmen / Fascículo Ejemplar Costo de reposición Price effective from Tipo de ítem Perdido Sistema de clasificación Dañado No prestable Tipo de ítem específico Suprimido Ubicación habitual Ubicación actual Localización Fecha de creación Proveedor Forma de adquisición Costo
26/04/2023 9 20 WH 400 F161he 100156118 01/12/2025 6a.Ed. Ej.1 146250.00 16/01/2018 Libro   NLM     Libro   Fundación Cardioinfantil Fundación Cardioinfantil 1er piso 16/01/2018 34 Compra 146250.00